000 00585nam a2200217Ia 4500
005 20250508163351.0
008 008 250505s9999 xx 000 0 eng d
037 _aTextual
040 _aFEDL
_beng
_cFEDL
041 _aeng
_2eng
084 _a146.42, AYE
_qFEDL
100 _aAyer A J Ed.
245 0 _aLogical positivism
260 _aNew York, USA
_bFree Press
_c1959
300 _aviii,455p
365 _aUSD
_b2.95
490 _aThe library of philosophical movements
650 _aPhilosophy
942 _cTEXL
_h146.42, AYE
999 _c1382596
_d1382596